Hochhäuser - Europäische Union (extrem) - Statistiken

Allgemein
  • Dieses Quiz wurde 23 mal gespielt
  • Das Durchschnittsergebnis liegt bei 3 aus 15
Antwortstatistiken
Hint Antwort % Korrekt
2 Commerzbank Tower / Frankfurt / Deutschland (259m)
67%
3 Messeturm / Frankfurt / Deutschland (257m)
67%
7 Kulturpalast / Warschau / Polen (237m)
33%
1 Varso Tower / Warschau / Polen (310m)
33%
15.1 15.2 Zalmhaven Tower / Rotterdam / Niederlande (215m) Sky Tower / Breslau / Polen (215m)
33%
17 Allianz Tower / Mailand / Italien (209m)
17%
4 Torre de Cristal / Madrid / Spanien (249m)
17%
11 Torre Emperador / Madrid / Spanien (228m)
17%
8 Torre PwC / Madrid / Spanien (236m)
17%
10.1 10.2 Tour First / Paris / Frankreich (231m) UniCredit Tower / Mailand / Italien (231m)
17%
16 Tour Montparnasse / Paris / Frankreich (210m)
17%
12.1 12.2 12.3 DC Towers / Wien / Österreich (220m) Warsaw Spire / Warschau / Polen (220m) Tour Hekla / Paris / Frankreich (220m)
0%
9 Four I / Frankfurt / Deutschland (233m)
0%
6 Karlatornet / Göteborg / Schweden (247m)
0%
5 Torre Cepsa / Madrid / Spanien (248m)
0%
Keine übereinstimmenden Quizze gefunden
Verteilung der Resultate
Anzahl Personen mit jedem Resultat
Perzentil nach korrekt beantworteten Fragen
Ihre Resultats-Entwicklung
Sie haben dieses Quiz noch nicht gespielt